000 02146cam a2200337 4500500
005 20260322012701.0
041 _afre
042 _adc
100 1 0 _aRoussel-Gillet, Isabelle
_eauthor
245 0 0 _aAnnie Ernaux, à l’accueil d’une autre photographie
260 _c2026.
500 _a57
520 _aRésuméLa réédition en 2023 chez Light Motiv de L’Autre Fille d’Annie Ernaux (première édition chez NiL en 2011) inclut 34 photographies de Nadège Fagoo. Comme pour tout récit photolittéraire, les photographies dérèglent la lecture linéaire par un va-et-vient entre les deux médias ; elles renforcent ici une expérience paradoxale, inquiète et moderne de l’écrire-lire : une expérience et une esthétique des écarts. Les trois régimes de ces photographies renforcent la partition entre le récit familial et le contre-récit d’Annie Ernaux, activent d’autres écarts et mettent en tension la possibilité d’un commun.
520 _aLight Motiv’s 2023 reissue of Annie Ernaux’s L’Autre Fille (first published by Nil in 2011) includes 34 photographs by Nadège Fagoo. As with all photoliterary narratives, the photographs disrupt linear reading by moving back and forth between the two media, reinforcing a paradoxical, restless and modern experience of writing-reading: an experience and aesthetic of gaps. The three regimes of these photographs reinforce the partition between the family narrative and the Annie Ernaux’s “contre-récit”, activating other gaps and tensioning the possibility of a shared common.
690 _aAnnie Ernaux
690 _aécart
690 _aL’Autre Fille
690 _aNadège Fagoo
690 _aphotographie
690 _aphotolittérature
690 _arécit
690 _aAnnie Ernaux
690 _agap
690 _aL’Autre Fille
690 _aNadège Fagoo
690 _anarrative
690 _aphotography
690 _aphotoliterature
786 0 _nRoman 20-50 | 79 | 1 | 2026-03-12 | p. 93-107 | 0295-5024
856 4 1 _uhttps://shs.cairn.info/revue-roman2050-2025-1-page-93?lang=fr&redirect-ssocas=7080
999 _c1774791
_d1774791